Mustélidés - Mort subite - Statistiques

Statistiques générales
  • Ce quiz a été pris 252 fois
  • Le résultat moyen est 4 sur 14
Answers on the Grid
Answers color-coded by a green-red scale on the quiz's grid according to % correct below.
Belette
Blaireau
Fouine
Furet
Hermine
Glouton
Loutre
Martre
Putois
Zibeline
Vison
Ratel
Grison
Carcajou
Tanuki
Mangouste
Suricate
Écureuil
Raton laveur
Loir
Mouffette
Kinkajou
Tamanoir
Marmotte
 
Statistiques - réponses
Réponse % Correct
Furet
45%
Belette
44%
Putois
40%
Hermine
37%
Blaireau
34%
Fouine
34%
Loutre
31%
Martre
31%
Vison
29%
Zibeline
15%
Ratel
14%
Glouton
11%
Grison
11%
Carcajou
9%
Aucun quiz correspondant
Distribution des résultats
% des personnes avec chaque résultat
Percentile par nombre de réponses
Votre historique - résultats
Vous n’avez pas pris ce quiz